Normal view
MARC view
- Corrupción
Entry Materia
001 - NÚMERO DE CONTROL DEL REGISTRO
- campo de control: 10187
003 - IDENTIFICADOR DE NUMERO DE CONTROL
- campo de control: UPN
005 - FECHA Y HORA DE LA ÚLTIMA TRANSACCIÓN
- campo de control: 20251008083251.0
008 - DATOS DE LONGITUD FIJA
- campo de control de longitud fija: 251008nabacnnnaabn b |nc |d
035 ## - NÚMERO DE CONTROL DEL SISTEMA
- Número de control del sistema: UPN10000010194
040 ## - FUENTE DE LA CATALOGACIÓN
- Lengua de catalogación: SPA
- Agencia de transcripción: UPN
150 ## - ENCABEZAMIENTO - TEMÁTICO
- Término de materia o nombre geográfico como elemento inicial: Corrupción
- Subdivisión geográfica: México
670 ## - FUENTE EN LA QUE SE LOCALIZARON DATOS
- Cita de la fuente: LC/P
- Información localizada: Corruption - Mexico - Mexico City
902 ## - CATALOGADOR
- Catalogador: MEEG/250708
